01400nam a2200253Ia 450000500170000000800410001702000150005804000180007304100080009108200250009924500540012425000120017826000490019030000280023950003760026765000250064365000330066865000260070170000300072794200340075799900190079195201680081095201680097820260316162316.0210716s2005 xx 000 0 und d a8178814994 cAIMIT LIBRARY aeng a001.07233221b RAMV aESOPs :ban introduction /cEdited by V V Ramani. a1st ed. aNew Delhi :bICFAI University Press ,c2005. aviii,204p. ;bPBc24 cm aBook Summary of ESOPs - An Introduction To give employees a legitimate stake in the company, increase their dedication to the job, and prevent them from job-hopping, the Employees Stock Ownership/Option Plans (ESOPs) were introduced. This book educates the readers on the history of ESOPs, their pros and cons, and the latest rule concerning ESOPs?"expense stock options. aIntroduction9185338 aTo expense or not to9185339 aThe road ahed9185340 aRamani, V V., ed.9185341 2ddccBKe1stk001.072332 RAMV c202337d202337 00102ddc40708MBAaAIMITbAIMITd2005-11-15g300.00iBill no:IP/MG-I/002/10/05; Bill l0o001.072332 RAMVpMBA02215r2025-07-21 00:00:00v225.00w2021-07-16yBK 00102ddc40708MBAaAIMITbAIMITd2008-03-03g400.00iBill no:193/BK/SA/08; Bill dt:20l0o001.072332 RAMVpMBA04903r2025-07-21 00:00:00v200.00w2021-07-16yBK